[Event "CRO-chT2 East"]
[Site "Croatia"]
[Date "2011.04.17"]
[Round "6"]
[White "Feltan, Mario"]
[Black "Sulc, Dorian"]
[Result "1-0"]
[WhiteElo "2090"]
[BlackElo "1795"]
[PlyCount "82"]
[EventDate "2011.04.02"]
[EventType "tourn"]
[EventRounds "11"]
[EventCountry "CRO"]
[SourceTitle "EXT 2014"]
[Source "ChessBase"]
[SourceDate "2013.11.20"]
[SourceVersion "1"]
[SourceVersionDate "2013.11.20"]
[SourceQuality "1"]

1. e4 c5 2. c3 e6 3. d4 d5 4. e5 Nc6 5. Nf3 Qb6 6. a3 Bd7 7. Be2 cxd4 8. cxd4 Nge7 9. b4 a6 10. Be3 Nf5 11. 0-0 Be7 12. Nc3 Na7 13. Bd3 Nxe3 14. fxe3 f5 15. exf6 Bxf6 16. Ne5 Ke7 17. Nxd7 Kxd7 18. Na4 Qd6 19. Nc5+ Kc7 20. Qg4 Rae8 21. Rxf6 gxf6 22. Rc1 Kb8 23. a4 Nc6 24. b5 Nb4 25. Qg7 Qe7 26. Nd7+ Ka8 27. Rc8+ Rxc8 28. Qxe7 Nxd3 29. Nb6+ Ka7 30. Nxc8+ Rxc8 31. h4 Rc1+ 32. Kh2 Nf2 33. Qxe6 axb5 34. Qxd5 Ng4+ 35. Kg3 Nxe3 36. Qxb5 Rc6 37. d5 Rc8 38. d6 Kb8 39. d7 Rd8 40. Qb6 Nf5+ 41. Kf4 Ng7 1-0

[Event "CRO-chT2 East"]
[Site "Croatia"]
[Date "2011.04.02"]
[Round "1"]
[White "Sulc, Dorian"]
[Black "Lukic, Milutin"]
[Result "1-0"]
[WhiteElo "1795"]
[BlackElo "2092"]
[PlyCount "133"]
[EventDate "2011.04.02"]
[EventType "tourn"]
[EventRounds "11"]
[EventCountry "CRO"]
[SourceTitle "EXT 2014"]
[Source "ChessBase"]
[SourceDate "2013.11.20"]
[SourceVersion "1"]
[SourceVersionDate "2013.11.20"]
[SourceQuality "1"]

1. e4 c6 2. d4 d5 3. Nc3 dxe4 4. Nxe4 Nf6 5. Ng3 h5 6. h4 Nfd7 7. Bf4 e6 8. Nf3 g6 9. Qd2 Be7 10. 0-0-0 Nf6 11. c4 Na6 12. a3 Bd7 13. Bd3 c5 14. Qc2 Rg8 15. Ne5 cxd4 16. Nxg6 Nc5 17. Nxe7 Qxe7 18. Qe2 Ba4 19. Rde1 Ng4 20. Nxh5 Nxf2 21. Bh7 Rxg2 22. Qf3 Bc6 23. Be4 Nfxe4 24. Qxg2 Nd3+ 25. Kc2 Nxe1+ 26. Rxe1 Nc5 27. Qg8+ Kd7 28. Qxa8 Qxh4 29. Qb8 Qf2+ 30. Bd2 Qf5+ 31. Kd1 Ba4+ 32. Ke2 Qxh5+ 33. Kf1 Qf3+ 34. Kg1 Bc6 35. Qh2 Qg4+ 36. Kf1 Ne4 37. Bb4 Ng3+ 38. Kg1 d3 39. Re3 Nf5+ 40. Kf2 Qxc4 41. Rh3 Qc2+ 42. Kf1 Qb1+ 43. Be1 Ne3+ 44. Rxe3 Bb5 45. Qd2 Qc2 46. Kf2 Qc4 47. Kf1 f5 48. Bf2 Qc1+ 49. Be1 Qc4 50. Bf2 Qd5 51. Kg1 f4 52. Rh3 Qf5 53. Rh4 e5 54. b3 Bc6 55. a4 Bf3 56. Kf1 Be2+ 57. Ke1 Qe4 58. Bxa7 Qg2 59. Rh7+ Ke6 60. Rh6+ Kf5 61. Qb2 Qf1+ 62. Kd2 Qd1+ 63. Kc3 e4 64. Kc4 d2+ 65. Kd5 Kg4 66. Qg7+ Kf3 67. Rh3# 1-0

[Event "Valpovo op U20"]
[Site "Valpovo"]
[Date "2009.12.06"]
[Round "6"]
[White "Patarcic, Domagoj"]
[Black "Sulc, Dorian"]
[Result "1-0"]
[WhiteElo "2008"]
[BlackElo "1802"]
[PlyCount "97"]
[EventDate "2009.12.04"]
[EventType "swiss"]
[EventRounds "7"]
[EventCountry "CRO"]
[SourceTitle "CBM 133 Extra"]
[Source "ChessBase"]
[SourceDate "2010.01.05"]
[SourceVersion "1"]
[SourceVersionDate "2010.01.05"]
[SourceQuality "1"]

1. b4 d5 2. Bb2 Bf5 3. Nf3 e6 4. a3 Nf6 5. e3 c5 6. bxc5 Bxc5 7. d4 Bd6 8. c4 dxc4 9. Bxc4 0-0 10. 0-0 a6 11. Nbd2 b5 12. Ba2 h6 13. Re1 Be7 14. Ne5 Nfd7 15. Ndf3 Be4 16. Qb3 Bd5 17. Qc3 Bxa2 18. Rxa2 Nxe5 19. Nxe5 Bd6 20. e4 Bxe5 21. dxe5 Nd7 22. a4 Nb6 23. a5 Nc4 24. Bc1 Rb8 25. f4 Qd7 26. Rf2 Rfc8 27. f5 b4 28. Qg3 Kh7 29. f6 g5 30. h4 Rg8 31. hxg5 h5 32. g6+ Rxg6 33. Qh2 Rh8 34. Qxh5+ Kg8 35. Qe2 Nxa5 36. Rd1 Qc8 37. Qf3 Nc4 38. Bf4 a5 39. Rc2 Qc5+ 40. Qf2 Qxf2+ 41. Kxf2 Rh4 42. Kf3 Na3 43. Rc8+ Kh7 44. Rdd8 Rxf4+ 45. Kxf4 Rh6 46. Rh8+ Kg6 47. Rcg8+ Kh5 48. g4+ Kh4 49. Rxh6# 1-0